000 05866cam a22019574i 4500
003 PE-LiUPU
005 20250813165658.0
008 150625s2001 sp a rb 000 0 spa d
020 _a8420009431
020 _a9788420009438
035 _a(Sirsi) i9788420009438
040 _aPE-LiUPU
_bspa
_cPE-LiUPU
_erda
049 _aPRUA
082 0 4 _a663.61
_bT29
_221
082 0 4 _a663.61
_bS38 2001
100 1 _aSenior, Dorothy,
_eautor.
245 1 0 _aTecnología del agua embotellada /
_ceditores Dorothy A. G. Senior, Philip Ashurst ; traducción Antonio Vercet Tormo.
264 1 _aZaragoza, España :
_bAcribia,
_c[2001].
300 _aXIV, 303 páginas :
_bilustraciones ;
_c24 centímetros.
336 _atext
_2rdacontent
337 _aunmediated
_2rdamedia
338 _avolume
_2rdacarrier
504 _aIncluye referencia bibliográfica.
505 0 _aDesarrollo del mercado de las aguas embotelladas -- Categorías de las aguas envasadas -- Hidrogeología de las aguas minerales naturales -- Tratamiento de las aguas -- Método y materiales para el envasado de agua -- Equipamiento de llenado -- Gestión de la calidad -- Dispensadores de agua refrigerada -- Auditorías por terceras partes de las instalaciones de embotellado de agua -- Microbiología de las aguas minerales naturales -- Microbiología de las aguas tratadas embotelladas.
526 _aP203
526 _aP200
526 _aSEG65
526 _aSEG64
526 _aSEG63
526 _aSEG62
526 _aSEG61
526 _aSEG60
526 _aSEG59
526 _aSEG58
526 _aSEG57
526 _aSEG56
526 _aSEG55
526 _aSEG54
526 _aSEG53
526 _aSEG52
526 _aSEG51
526 _aSEG50
526 _aSEG49
526 _aSEG48
526 _aSEG47
526 _aSEG46
526 _aSEG24
526 _aSEG23
526 _aSEG22
526 _aSEG21
526 _aSEG20
526 _aSEG19
526 _aSEG18
526 _aSEG17
526 _aSEG16
526 _aSEG14
526 _aSEG13
526 _aSEG12
526 _aSEG11
526 _aSEG10
526 _aSEG09
526 _aSEG06
526 _aSEG05
526 _aSEG04
526 _aSEG03
526 _aSEG02
526 _aSEG68
526 _aSEG66
526 _aSEG45
526 _aSEG25
526 _aSEG01
526 _aP163
526 _aP162
526 _aP161
526 _aP160
526 _aP159
526 _aP158
526 _aP157
526 _aP156
526 _aP155
526 _aP154
526 _aP153
526 _aP152
526 _aP151
526 _aP150
526 _aP149
526 _aP142
526 _aP141
526 _aP140
526 _aP139
526 _aP138
526 _aP137
526 _aP132
526 _aP131
526 _aP130
526 _aP126
526 _aP125
526 _aP124
526 _aP123
526 _aP115
526 _aP122
526 _aP121
526 _aP116
526 _a P114
526 _aP112
526 _aP111
526 _aP104
526 _aP103
526 _aP102
526 _aP101
526 _aP100
526 _aP96
526 _aP95
526 _aP93
526 _aP92
526 _aP91
526 _aP88
526 _aP83
526 _aP82
526 _aP79
526 _aP78
526 _aP75
526 _aP74
526 _aP71
526 _aP69
526 _a P51
526 _aP49
526 _aP48
526 _aP47
526 _aP33
526 _aP31
526 _a P30
526 _aP29
526 _aP27
526 _aP26
526 _aP25
526 _aP24
526 _a P22
526 _aP10
526 _aP09
526 _a P08
526 _aP06
526 _aP05
526 _aP04
526 _aP01
541 _g001-0028211;
541 _g001-027316;
541 _g002-00000830;
650 0 4 _aIndustria del agua embotellada.
700 1 _aAshurst, P. R.,
_eeditor.
700 1 _aSenior. Dorothy A. G.,
_eeditor.
910 _btqv
_cwelc
_d20170703
910 _armch
_brmch
_crmch
_20190124
942 _2ddc
_cBOOK
949 _a663.61 T29
_wDEWEY
_c1
_i57620
_lCCODEBUL1
_mBUL
_p74.00
_r0
_sY
_tBOOK
_u2015-6-25
_xINGENIERIA
_PP26
_0COMPRA
_o.STAFF. Colección General
949 _a663.61 T29
_wDEWEY
_c2
_i58075
_lCCODEBUL1
_mBUL
_p74.00
_r0
_sY
_tBOOK
_u2015-6-25
_xINGENIERIA
_PP26
_0COMPRA
_o.STAFF. Colección General
949 _a663.61 S38 2001
_wDEWEY
_c1
_iFJ08014
_lCCODEBUJ1
_mBUJ
_p39.60
_r0
_sY
_tBOOK
_u2017-07-03
_xINGENIERIA
_PP26
_0COMPRA
_o.STAFF. Colección General Juliaca
949 _a663.61 S38 2001
_wDEWEY
_c2
_iFJ12448
_lCCODEBUJ1
_mBUJ
_p56.00
_r0
_sY
_tBOOK
_u2019-01-24
_xINGENIERIA
_PP26
_0COMPRA
_o.STAFF. Colección General Juliaca
994 _aC0
_bPEPRU
596 _a1 3
999 _a663.61 T29
_wDEWEY
_c46639
_i57620
_d46639
_f2021-11-9
_g7
_lCCODEBUL1
_mBUL
_p74.00
_q1
_r0
_sY
_tBOOK
_u2015-6-25
_xINGENIERIA
_PP26
_0COMPRA
_o.STAFF. Colección General
999 _a663.61 T29
_wDEWEY
_c2
_i58075
_f2021-11-9
_g7
_lCCODEBUL1
_mBUL
_p74.00
_r0
_sY
_tBOOK
_u2015-6-25
_xINGENIERIA
_PP26
_0COMPRA
_o.STAFF. Colección General
999 _a663.61 S38 2001
_wDEWEY
_c1
_iFJ08014
_f2022-2-1
_g4
_lCCODEBUJ1
_mBUJ
_p39.60
_r0
_sY
_tBOOK
_u2017-7-3
_xINGENIERIA
_PP26
_0COMPRA
_o.STAFF. Colección General Juliaca
999 _a663.61 S38 2001
_wDEWEY
_c2
_iFJ12448
_f2022-2-1
_g3
_lCCODEBUJ1
_mBUJ
_p56.00
_r0
_sY
_tBOOK
_u2019-1-24
_xINGENIERIA
_PP26
_0COMPRA
_1FCOMPR2
_o.STAFF. Colección General Juliaca
980 _81
_gALBERTO SANCHEZ Responsable de Automatización